Prezydenci USA z Play-Doh - Statystyki

Ogólne statystyki
  • Ten quiz został rozwiązany 163 razy
  • Średni wynik to 6 z 12
Statystyki odpowiedzi
Obrazkowy Odpowiedź % Poprawnych
Donald Trump
98%
Barack Obama
96%
Abraham Lincoln
87%
John F. Kennedy
68%
George Washington
55%
Ronald Reagan
43%
Theodore Roosevelt
43%
Richard Nixon
39%
John Adams
27%
Ulysses S. Grant
26%
William Taft
15%
Andrew Jackson
11%
Nie znaleziono quizów pasujących do podanych kryteriów
Rozkład punktacji
Procent ludzi z każdym wynikiem
Percentyl według liczby udzielonych odpowiedzi
Twoja historia wyników
Nie rozwiązałeś tego quizu